Les chansons autour du voyage - Statistiques

Statistiques générales
  • Ce quiz a été pris 44 fois
  • Le résultat moyen est 3 sur 20
Statistiques - réponses
Interprète Chanson % Correct
Beau dommage {Le} Voyageur
85%
Barbara {Les} Voyages
49%
Lilicub Voyage {en Italie}
49%
Françoise Hardy {Il} voyage
20%
Gérard Manset {Il} voyage {en solitaire}
7%
Alain Bashung {Les grands} voyageurs
7%
Mireille {Puisque vous partez en} voyage
7%
Petula Clark {Enfant du} voyage
2%
Edith Piaf {Les marins, ça fait des} voyages
2%
Pierre Perret {Les} voyages {organisés}
2%
John William {Le} voyageur {sans étoile}
2%
Félix Leclerc {Mes longs} voyages
2%
Michel Legrand {Nous} voyageons {de ville en ville}
2%
Francis Cabrel {Photos de} voyage
2%
Charles Trenet Voyage {au Canada}
2%
Adamo Voyage {jusqu'à toi}
2%
Jean Louis Aubert Voyager {en soi-même}
2%
Dalida Voyage {sans bagages}
2%
Michel Sardou Voyageur {immobile}
2%
Bernard Lavilliers {La malédiction du} voyageur
0%
Aucun quiz correspondant
Distribution des résultats
% des personnes avec chaque résultat
Percentile par nombre de réponses
Votre historique - résultats
Vous n’avez pas pris ce quiz